Great illustrated aesop's fables: / (Record no. 103566)
[ view plain ]
| 000 -LEADER | |
|---|---|
| fixed length control field | 00588nam a2200169 a 4500 |
| 005 - DATE AND TIME OF LATEST TRANSACTION | |
| control field | 20140412111304.0 |
| 008 - FIXED-LENGTH DATA ELEMENTS--GENERAL INFORMATION | |
| fixed length control field | 010116s19uu xx 00 eng d |
| 050 ## - LIBRARY OF CONGRESS CALL NUMBER | |
| Classification number | M 398.2 |
| Item number | L32 1994 |
| 100 ## - MAIN ENTRY--PERSONAL NAME | |
| Personal name | Larkin, Rochelle |
| 245 ## - TITLE STATEMENT | |
| Title | Great illustrated aesop's fables: / |
| Statement of responsibility, etc | adapted by Rochelle Larkin ; illustrated by Lorn Tomei. |
| 260 ## - PUBLICATION, DISTRIBUTION, ETC. (IMPRINT) | |
| Place of publication, distribution, etc | New York : |
| Name of publisher, distributor, etc | Baronet Books, |
| Date of publication, distribution, etc | 1994. |
| 300 ## - PHYSICAL DESCRIPTION | |
| Extent | 236 p. ; ill. |
| 500 ## - GENERAL NOTE | |
| General note | The Tortoise and the Hare -- The Fox and the Grapes -- The Boy Who Cried Wolf -- and other stories |
| 650 ## - SUBJECT ADDED ENTRY--TOPICAL TERM | |
| Topical term or geographic name as entry element | Fables |
| 650 ## - SUBJECT ADDED ENTRY--TOPICAL TERM | |
| Topical term or geographic name as entry element | Children stories |
| Withdrawn status | Lost status | Damaged status | Use restrictions | Home library | Current library | Shelving location | Date acquired | Source of acquisition | Total Checkouts | Full call number | Barcode | Date last seen | Price effective from | Koha item type |
|---|---|---|---|---|---|---|---|---|---|---|---|---|---|---|
| Elizalde Library | Elizalde Library | Main Section | 01/16/2001 | M 398.2 L32 1994 | E5295 | 04/12/2014 | 04/12/2014 | Books |